TB. OF PATHOLOGY FOR ALLIED HEALTH SCIENCES (Record no. 21874)

MARC details
000 -LEADER
fixed length control field 00359nam a22001577a 4500
003 - CONTROL NUMBER IDENTIFIER
control field SGT
020 ## - INTERNATIONAL STANDARD BOOK NUMBER
International Standard Book Number 9789352701070
082 ## - DEWEY DECIMAL CLASSIFICATION NUMBER
Classification number 616.07
Item number P17N
100 ## - MAIN ENTRY--PERSONAL NAME
Personal name NAYAK, RAMADAS
245 ## - TITLE STATEMENT
Title TB. OF PATHOLOGY FOR ALLIED HEALTH SCIENCES
250 ## - EDITION STATEMENT
Edition statement 1ST
260 ## - PUBLICATION, DISTRIBUTION, ETC. (IMPRINT)
Place of publication, distribution, etc INDIA
Name of publisher, distributor, etc JAYPEE PUB
Year of Publication 2017
300 ## - PAGE DESCRIPTION
No. of Pages 405
650 ## - SUBJECT ADDED ENTRY--TOPICAL TERM
Topical term or geographic name as entry element PATHOLOGY
942 ## - ADDED ENTRY ELEMENTS (KOHA)
Source of classification or shelving scheme Dewey Decimal Classification
Koha item type Books
942 ## - ADDED ENTRY ELEMENTS (KOHA)
-- 130
Holdings
Withdrawn status Lost status Source of classification or shelving scheme Damaged status Not for loan Collection code Home library Current library Shelving location Date acquired Vendor Name Cost, normal purchase price SGTU Bill Number Total Checkouts Full call number Accession No. (Barcode) Date last seen Date last borrowed Bill Date Koha item type
    Dewey Decimal Classification     NURSING SGT Medical Library SGT Medical Library Text Book 27/09/2021 JAYPEE PUB 850.00 SGTU N5/INV/-1/2100076 37 616.07 P17N FN4166 26/11/2025 24/11/2025   Books
    Dewey Decimal Classification   Not For Loan NURSING SGT Medical Library SGT Medical Library Text Book 27/09/2021 JAYPEE PUB 850.00 SGTU N5/INV/-1/2100076 12 616.07 P17N FN4167 29/11/2023 13/11/2023   Books
    Dewey Decimal Classification     NURSING SGT Medical Library SGT Medical Library Text Book 27/09/2021 JAYPEE PUB 850.00 SGTU N5/INV/-1/2100076 32 616.07 P17N FN4168 21/06/2025 12/06/2025   Books
    Dewey Decimal Classification     NURSING SGT Medical Library SGT Medical Library Text Book 27/09/2021 JAYPEE PUB 850.00 SGTU N5/INV/-1/2100076 35 616.07 P17N FN4169 15/04/2026 06/04/2026   Books
    Dewey Decimal Classification     NURSING SGT Medical Library SGT Medical Library Text Book 27/09/2021 JAYPEE PUB 850.00 SGTU N5/INV/-1/2100076 32 616.07 P17N FN4170 22/01/2026 08/01/2026   Books